000 00634nam a2200205Ia 4500
005 20250508160738.0
008 008 250505s9999 xx 000 0 eng d
020 _a0-03-085612-4
037 _aTextual
040 _aFEDL
_beng
_cFEDL
041 _aeng
_2eng
084 _a370.9669, PES
_qFEDL
100 _aPeshkin Alan
_9140253
245 0 _aKanuri school children : Education and social mobilization in Nigeria
260 _aNew York, USA
_bHolt, Rinehart and Winston
_c1972
300 _axviii,155p
650 _aEducation - Nigeria
_9769266
942 _cTEXL
_h370.9669, PES
999 _c1366370
_d1366370